Holiday Quiz

Random Holiday or Lyrics Quiz

Christmas Lyrics Quiz 2 Stats

 Plays Quiz not verified by Sporcle

Support Sporcle.
Go Orange.
Score 0/30 Timer 10:00
0 Plays Today
% Correct
Silent Night
68.2%
Away in a Manger
62.7%
God Rest Ye Merry, Gentlemen
61.9%
We Three Kings of Orient Are
59.2%
Do You Hear What I Hear
57.8%
Hark the Herald Angels Sing
54.2%
O Come All Ye Faithful (Adeste Fideles)
54.2%
Go Tell It on the Mountain
53.2%
Good King Wenceslas
52.1%
I Saw Three Ships
51.2%
O Holy Night (Cantique De Noel)
50.7%
The First Noel
47.9%
O Little Town of Bethlehem
47.7%
Joy to the World
44.9%
The Little Drummer Boy
42.2%
% Correct
O Come O Come Emmanuel
41.6%
Ding Dong Merrily on High
41.4%
Angels We Have Heard on High
40.8%
Mary’s Boy Child
38.4%
It Came Upon a Midnight Clear
37.3%
Hallelujah Chorus (from the Messiah)
30.4%
While Shepherds Watched their Flocks by Night
29.9%
What Child is This (Greensleeves)
29.6%
Good Christian Men, Rejoice
28.5%
Once in Royal David’s City
27.1%
For Unto Us a Child is Born (from the Messiah)
25.2%
Angels from the Realms of Glory
24.1%
Infant Holy, Infant Lowly
20.3%
As With Gladness Men of Old
16.4%
Gentle Mary Laid Her Child
9%

You're not logged in!

Compare scores with friends on all Sporcle quizzes.
OR
Log In

From the Vault

Movie Character Blitz VI

by Thebiguglyalien

Feel free to give this a play even if you're home alone.
Remove Ads.
Support Sporcle.
Get the best of Sporcle when you Go Orange. This ad-free experience offers more features, more stats, and more fun while also helping to support Sporcle. Thank you for becoming a member.

Show Comments

Extras

Top Quizzes Today


Score Distribution

Your Account Isn't Verified!

In order to create a playlist on Sporcle, you need to verify the email address you used during registration. Go to your Sporcle Settings to finish the process.

Report this User

Report this user for behavior that violates our Community Guidelines.

Details: